000
00248nam a2200109Ia 4500
999
_c
5826
_d
5826
020
_a
9789696375012
100
_a
Sultan Ayoub
245
0
_a
MEO's Human Physiology systemic applied
260
_a
Karachi
_b
Paramount
_c
2019
300
_a
279
942
_c
BK